000 00549cam a2200145 4500500
005 20260208002353.0
041 _afre
042 _adc
100 1 0 _aMassard-Vincent, Josiane
_eauthor
245 0 0 _aNigel Rapport, ed., British Subjects: An Anthropology of Britain, Oxford – New York, Berg, 2002, xii + 340 p., index, ill.
260 _c2005.
500 _a21
786 0 _nL'Homme | 175-176 | 3 | 2005-07-01 | p. 475zf-572zf | 0439-4216
856 4 1 _uhttps://shs.cairn.info/revue-l-homme-2005-3-page-475zf?lang=fr&redirect-ssocas=7080
999 _c1646000
_d1646000